[Event "DLM 2008"]
[Site "Dresden GER"]
[Date "2008.11.14"]
[Round "2"]
[White "Berchtenbreiter, Maximilian"]
[Black "Savchenko, Aleksij"]
[Result "0-1"]
[Termination "normal"]
[Board "1.1"]
[WhiteElo "2116"]
[BlackElo "2238"]
[WhiteTeam "Bayern"]
[BlackTeam "Nordrhein-Westfalen"]
[PlyCount "102"]
[WhiteFideId "24641120"]
[BlackFideId "24611727"]
[EventCountry "GER"]
[EventRounds "7"]
[EventType "team-swiss"]
[EventDate "2008.11.13"]

1. e4 c5 2. Nc3 a6 3. Nf3 e6 4. d4 cxd4 5. Nxd4 Qc7 6. Bd3 Nf6 7. O-O d6 8. Kh1
Be7 9. Qe2 Nc6 10. Nxc6 bxc6 11. f4 e5 12. fxe5 dxe5 13. Bc4 O-O 14. Bg5 h6 15.
Bxf6 Bxf6 16. Rxf6 gxf6 17. Qh5 Kg7 18. Rf1 Be6 19. Rf3 Rh8 20. Be2 Rag8 21.
Qh4 Qd8 22. Bxa6 h5 23. Qf2 Rh6 24. Be2 Qd2 25. Bf1 Rd8 26. Qb6 Bg4 27. Rf2 Qd6
28. b3 h4 29. h3 Be6 30. a4 Rg6 31. a5 Rg3 32. Ne2 Rb8 33. Qa7 Rg6 34. a6 c5
35. Nc3 Rb4 36. Rf3 Rg3 37. Rxg3+ hxg3 38. Ne2 Rxe4 39. Nxg3 Re3 40. Nh5+ Kg6
41. Qa8 Rxh3+ 42. gxh3 Bd5+ 43. Qxd5 Qxd5+ 44. Bg2 Qd1+ 45. Kh2 Qa1 46. Ng3
Qxa6 47. Be4+ Kg5 48. Bd3 Qa5 49. Ne4+ Kh4 50. Nxf6 Qd2+ 51. Kg1 Qg5+ 0-1

[Event "DLM 2008"]
[Site "Dresden GER"]
[Date "2008.11.14"]
[Round "2"]
[White "Kotainy, Jens"]
[Black "Billing, Christian"]
[Result "0-1"]
[Termination "normal"]
[Board "1.2"]
[WhiteElo "2210"]
[BlackElo "2212"]
[WhiteTeam "Nordrhein-Westfalen"]
[BlackTeam "Bayern"]
[PlyCount "88"]
[WhiteFideId "24670499"]
[BlackFideId "4697294"]
[EventCountry "GER"]
[EventRounds "7"]
[EventType "team-swiss"]
[EventDate "2008.11.13"]

1. e4 e6 2. d4 d5 3. Nc3 dxe4 4. f3 exf3 5. Nxf3 Nf6 6. Bd3 Nbd7 7. Bg5 Be7 8.
Qe2 O-O 9. h4 Re8 10. O-O-O Nd5 11. Bxe7 Qxe7 12. Ng5 h6 13. Nf3 Nxc3 14. bxc3
Qa3+ 15. Kd2 Nf6 16. g4 Nd5 17. Qe4 Qxc3+ 18. Ke2 Nf6 19. Qf4 e5 20. Nxe5 Bxg4+
21. Kf2 Bxd1 22. Rxd1 Rxe5 23. dxe5 Qxe5 24. Qxe5 Ng4+ 25. Kg3 Nxe5 26. Be4 c6
27. Rb1 Rb8 28. Kf4 f6 29. Rd1 Kf7 30. h5 Rc8 31. Bf5 Rc7 32. Rd8 Ke7 33. Rd1
b5 34. c3 a5 35. Ke4 b4 36. cxb4 axb4 37. Rb1 Rb7 38. a4 Kd6 39. a5 Kc5 40. a6
Ra7 41. Bc8 Nc4 42. Rc1 Kb5 43. Kd4 c5+ 44. Kd3 Nd6 0-1

[Event "DLM 2008"]
[Site "Dresden GER"]
[Date "2008.11.14"]
[Round "2"]
[White "Nuber, Blasius"]
[Black "Tkachuk, Konstantyn"]
[Result "1/2-1/2"]
[Termination "normal"]
[Board "1.3"]
[WhiteElo "2107"]
[BlackElo "2180"]
[WhiteTeam "Bayern"]
[BlackTeam "Nordrhein-Westfalen"]
[PlyCount "46"]
[WhiteFideId "24620289"]
[BlackFideId "24647330"]
[EventCountry "GER"]
[EventRounds "7"]
[EventType "team-swiss"]
[EventDate "2008.11.13"]

1. e4 c5 2. d3 Nc6 3. Be3 d6 4. Nc3 g6 5. d4 cxd4 6. Bxd4 Nxd4 7. Qxd4 Nf6 8.
e5 dxe5 9. Bb5+ Bd7 10. Qxe5 Bc6 11. Rd1 Qb8 12. Nf3 Qxe5+ 13. Nxe5 Rc8 14. O-O
Bxb5 15. Nxb5 a6 16. Nd4 e6 17. c4 Bd6 18. Ndf3 Bc7 19. b4 Ke7 20. Rd3 Rhd8 21.
Rfd1 h6 22. Kf1 Rxd3 23. Rxd3 Rd8 1/2-1/2

[Event "DLM 2008"]
[Site "Dresden GER"]
[Date "2008.11.14"]
[Round "2"]
[White "Krug, Kevin"]
[Black "Nuber, Helene"]
[Result "1/2-1/2"]
[Termination "normal"]
[Board "1.4"]
[WhiteElo "2204"]
[BlackElo "2072"]
[WhiteTeam "Nordrhein-Westfalen"]
[BlackTeam "Bayern"]
[PlyCount "77"]
[WhiteFideId "24609110"]
[BlackFideId "24613045"]
[EventCountry "GER"]
[EventRounds "7"]
[EventType "team-swiss"]
[EventDate "2008.11.13"]

1. d4 e6 2. c4 Nf6 3. Nc3 d5 4. cxd5 exd5 5. Bg5 c6 6. Qc2 Be7 7. e3 Nbd7 8.
Bd3 O-O 9. Nf3 Re8 10. O-O Nf8 11. h3 g6 12. Rab1 Ne6 13. Bxf6 Bxf6 14. b4 a6
15. a4 Qd6 16. b5 axb5 17. axb5 c5 18. dxc5 Nxc5 19. Rbd1 Be6 20. Bc4 Bxc3 21.
Qxc3 Ne4 22. Qb2 Qc5 23. Be2 Qc3 24. Qb1 Qa5 25. Rc1 Rec8 26. Nd4 Nd2 27. Qb2
Nxf1 28. Nxe6 fxe6 29. Qf6 Qb6 30. Bg4 Re8 31. Rxf1 Qd6 32. Rd1 Rad8 33. Bf3
Qe7 34. Qd4 Rc8 35. e4 Qc5 36. Qf6 Qe7 37. Qd4 Qc5 38. Qf6 Qe7 39. Qd4 1/2-1/2

[Event "DLM 2008"]
[Site "Dresden GER"]
[Date "2008.11.14"]
[Round "2"]
[White "Anker, Christin"]
[Black "Blübaum, Johanna"]
[Result "0-1"]
[Termination "normal"]
[Board "1.5"]
[WhiteElo "1900"]
[BlackElo "1902"]
[WhiteTeam "Bayern"]
[BlackTeam "Nordrhein-Westfalen"]
[PlyCount "48"]
[WhiteFideId "1615688"]
[BlackFideId "24647373"]
[EventCountry "GER"]
[EventRounds "7"]
[EventType "team-swiss"]
[EventDate "2008.11.13"]

1. e4 e6 2. d4 d5 3. Nc3 Nf6 4. e5 Nfd7 5. Nce2 c5 6. c3 Nc6 7. f4 cxd4 8. cxd4
Be7 9. Nf3 O-O 10. g3 Qb6 11. Bh3 f6 12. Bxe6+ Kh8 13. Bxd5 fxe5 14. dxe5 Bb4+
15. Nc3 Ndxe5 16. fxe5 Nxe5 17. Qe2 Bg4 18. Qxe5 Rae8 19. Qe2 Rxe2+ 20. Kxe2
Qf6 21. Bf4 g5 22. Rhf1 gxf4 23. Rac1 Bxc3 24. Rxc3 Qe5+ 0-1

[Event "DLM 2008"]
[Site "Dresden GER"]
[Date "2008.11.14"]
[Round "2"]
[White "Blübaum, Matthias"]
[Black "Pfadenhauer, Johannes"]
[Result "1-0"]
[Termination "normal"]
[Board "1.6"]
[WhiteElo "2019"]
[BlackElo "1668"]
[WhiteTeam "Nordrhein-Westfalen"]
[BlackTeam "Bayern"]
[PlyCount "59"]
[WhiteFideId "24651516"]
[BlackFideId "24615269"]
[EventCountry "GER"]
[EventRounds "7"]
[EventType "team-swiss"]
[EventDate "2008.11.13"]

1. d4 d5 2. c4 e6 3. Nc3 Nf6 4. cxd5 exd5 5. Bg5 Be7 6. e3 O-O 7. Bd3 b6 8.
Nge2 Bb7 9. Qc2 Nbd7 10. O-O c5 11. Rad1 Rc8 12. Bf5 h6 13. Bh4 Rc6 14. dxc5
Nxc5 15. Nd4 Rc7 16. Ncb5 Ba6 17. b4 Bxb5 18. Nxb5 Na6 19. Nxc7 Nxc7 20. a3 Ne4
21. Bxe4 Bxh4 22. Qc6 Qg5 23. Bxd5 Ne8 24. Bf3 Nf6 25. Rd4 Re8 26. g3 Rxe3 27.
Rxh4 Rxa3 28. Rd4 Qf5 29. Be4 Nxe4 30. Qe8+ 1-0

[Event "DLM 2008"]
[Site "Dresden GER"]
[Date "2008.11.14"]
[Round "2"]
[White "Adermann, Mara"]
[Black "Strößner, Lena"]
[Result "0-1"]
[Termination "normal"]
[Board "1.7"]
[WhiteElo "1558"]
[BlackElo "1991"]
[WhiteTeam "Bayern"]
[BlackTeam "Nordrhein-Westfalen"]
[PlyCount "62"]
[BlackFideId "4623525"]
[EventCountry "GER"]
[EventRounds "7"]
[EventType "team-swiss"]
[EventDate "2008.11.13"]

1. Nf3 e6 2. g3 d5 3. Bg2 Nf6 4. d3 c5 5. Nbd2 Nc6 6. O-O Be7 7. e4 O-O 8. e5
Nd7 9. Re1 b5 10. c3 a5 11. d4 Ba6 12. Nf1 b4 13. Ne3 Nb6 14. Bd2 Rc8 15. Bf1
Bxf1 16. Kxf1 Nc4 17. Nxc4 dxc4 18. Be3 cxd4 19. cxd4 Qd5 20. Ke2 Rfd8 21. Qc2
b3 22. Qb1 Nb4 23. axb3 cxb3 24. Bd2 Qc4+ 25. Kd1 Nc2 26. Bxa5 Qd3+ 27. Nd2
Rxd4 28. Re2 Nxa1 29. Qxd3 Rxd3 30. Bc3 Rcxc3 31. bxc3 b2 0-1

[Event "DLM 2008"]
[Site "Dresden GER"]
[Date "2008.11.14"]
[Round "2"]
[White "Kuckling, Hannah"]
[Black "Berger, Nadja"]
[Result "0-1"]
[Termination "normal"]
[Board "1.8"]
[WhiteElo "1489"]
[BlackElo "1553"]
[WhiteTeam "Nordrhein-Westfalen"]
[BlackTeam "Bayern"]
[PlyCount "110"]
[WhiteFideId "24603660"]
[BlackFideId "24692212"]
[EventCountry "GER"]
[EventRounds "7"]
[EventType "team-swiss"]
[EventDate "2008.11.13"]

1. e4 e6 2. d4 d5 3. Nd2 c5 4. c3 Nc6 5. Ngf3 Nf6 6. e5 Ne4 7. Bb5 Bd7 8. Ba4
Be7 9. O-O O-O 10. Bc2 Ng5 11. Nxg5 Bxg5 12. Nf3 Be7 13. Qd3 g6 14. Bh6 Re8 15.
Qe3 cxd4 16. cxd4 Nb4 17. Bb3 Bb5 18. Rfd1 Rc8 19. Rac1 a5 20. Rxc8 Qxc8 21.
Rc1 Qd8 22. a3 Nc6 23. Qf4 Qb6 24. Ba2 Ba6 25. Rc2 Qb5 26. h3 Qd3 27. Rd2 Qe4
28. Qxe4 dxe4 29. Ng5 Bd3 30. d5 exd5 31. Bxd5 Bxg5 32. Bxg5 Rxe5 33. Bxc6 bxc6
34. Bf6 Re6 35. Bc3 a4 36. f3 f5 37. Kh2 c5 38. Kg3 c4 39. fxe4 fxe4 40. Rd1 e3
41. Re1 e2 42. Bd4 Re4 43. Bc3 g5 44. Bd2 h6 45. Bc3 Rf4 46. Bd2 Rf1 47. Bc3 h5
48. Bd2 Kf7 49. Bc3 Ke6 50. Bd2 Kd5 51. Bc3 Ke4 52. Bd2 Kd4 53. Bc3+ Ke3 54.
Bb4 h4+ 55. Kh2 Kf2 0-1

[Event "DLM 2008"]
[Site "Dresden GER"]
[Date "2008.11.14"]
[Round "2"]
[White "Armbrust, Florian"]
[Black "Schlötzer, Waldemar"]
[Result "1/2-1/2"]
[Termination "normal"]
[Board "2.1"]
[WhiteElo "2326"]
[BlackElo "2245"]
[WhiteTeam "Rheinland-Pfalz"]
[BlackTeam "Baden"]
[PlyCount "57"]
[WhiteFideId "4691350"]
[BlackFideId "24602140"]
[EventCountry "GER"]
[EventRounds "7"]
[EventType "team-swiss"]
[EventDate "2008.11.13"]

1. e4 d6 2. d4 Nf6 3. Nc3 e5 4. Nf3 Nbd7 5. Bc4 Be7 6. O-O O-O 7. Re1 c6 8. a4
a5 9. b3 exd4 10. Nxd4 d5 11. exd5 Bb4 12. Bd2 Nb6 13. Be2 Nbxd5 14. Nxd5 Nxd5
15. Bxb4 axb4 16. Bc4 Nf4 17. Ne2 Nxe2+ 18. Qxe2 Bf5 19. Rad1 Qf6 20. Bd3 Bxd3
21. Rxd3 g6 22. Qe4 c5 23. Qxb7 Rae8 24. Red1 Re2 25. Qf3 Qxf3 26. Rxf3 Rxc2
27. g3 c4 28. bxc4 Rxc4 29. Rdd3 1/2-1/2

[Event "DLM 2008"]
[Site "Dresden GER"]
[Date "2008.11.14"]
[Round "2"]
[White "Lutz, Bernhard"]
[Black "Dann, Matthias"]
[Result "1-0"]
[Termination "normal"]
[Board "2.2"]
[WhiteElo "2187"]
[BlackElo "2203"]
[WhiteTeam "Baden"]
[BlackTeam "Rheinland-Pfalz"]
[PlyCount "59"]
[WhiteFideId "24628638"]
[BlackFideId "24638056"]
[EventCountry "GER"]
[EventRounds "7"]
[EventType "team-swiss"]
[EventDate "2008.11.13"]

1. d4 d5 2. Nf3 c6 3. c4 Nf6 4. Nc3 e6 5. e3 Nbd7 6. Bd3 dxc4 7. Bxc4 b5 8. Bb3
b4 9. Ne2 c5 10. O-O Bb7 11. Ng3 Be7 12. Re1 O-O 13. e4 cxd4 14. e5 Nd5 15.
Qxd4 Re8 16. Qg4 Rc8 17. Bh6 g6 18. h4 Nc5 19. Bc2 b3 20. axb3 Na6 21. Be4 Nc5
22. Bb1 Qb6 23. h5 Qb4 24. Ne4 Nxb3 25. hxg6 hxg6 26. Ra4 Qb6 27. Nd6 Nf6 28.
exf6 Bxf3 29. gxf3 Bxd6 30. Bxg6 1-0

[Event "DLM 2008"]
[Site "Dresden GER"]
[Date "2008.11.14"]
[Round "2"]
[White "Grünter, Martin"]
[Black "Frey, Alisa"]
[Result "1/2-1/2"]
[Termination "normal"]
[Board "2.3"]
[WhiteElo "2045"]
[BlackElo "2001"]
[WhiteTeam "Rheinland-Pfalz"]
[BlackTeam "Baden"]
[PlyCount "51"]
[WhiteFideId "24640352"]
[BlackFideId "24634662"]
[EventCountry "GER"]
[EventRounds "7"]
[EventType "team-swiss"]
[EventDate "2008.11.13"]

1. e4 e5 2. Nf3 Nc6 3. Bc4 Nf6 4. d3 Be7 5. O-O d6 6. c3 O-O 7. Re1 Na5 8. Bb5
a6 9. Ba4 b5 10. Bc2 c5 11. Nbd2 Nc6 12. Nf1 Re8 13. h3 Bf8 14. d4 g6 15. Ng3
Bb7 16. dxc5 dxc5 17. Bg5 Be7 18. Qe2 Nd7 19. Be3 Qc7 20. Red1 Nd8 21. a4 c4
22. axb5 axb5 23. Rxa8 Bxa8 24. b3 cxb3 25. Bxb3 Qxc3 26. Qxb5 1/2-1/2

[Event "DLM 2008"]
[Site "Dresden GER"]
[Date "2008.11.14"]
[Round "2"]
[White "Kohm, Vanessa"]
[Black "Grzeca, Pascal"]
[Result "0-1"]
[Termination "normal"]
[Board "2.6"]
[WhiteElo "1839"]
[BlackElo "1903"]
[WhiteTeam "Baden"]
[BlackTeam "Rheinland-Pfalz"]
[PlyCount "52"]
[WhiteFideId "4674472"]
[BlackFideId "24600741"]
[EventCountry "GER"]
[EventRounds "7"]
[EventType "team-swiss"]
[EventDate "2008.11.13"]

1. d4 Nf6 2. c4 e6 3. Nc3 Bb4 4. Bd2 c5 5. d5 d6 6. Qc2 O-O 7. Nf3 Re8 8. Rd1
exd5 9. cxd5 Bxc3 10. bxc3 Ne4 11. e3 Bf5 12. Bd3 c4 13. Bxe4 Bxe4 14. Qa4 Bd3
15. Nd4 Nd7 16. Bc1 Nc5 17. Qb5 Qg5 18. g3 Qxd5 19. f3 Qg5 20. e4 Qf6 21. Be3
Re5 22. Bf4 Rae8 23. Bxe5 Rxe5 24. Qa5 Nxe4 25. Qxa7 Nxg3+ 26. Kd2 Qf4# 0-1

[Event "DLM 2008"]
[Site "Dresden GER"]
[Date "2008.11.14"]
[Round "2"]
[White "Stahnecker, Ludwig"]
[Black "Schuhmacher, Jakob"]
[Result "1-0"]
[Termination "normal"]
[Board "2.7"]
[WhiteElo "1939"]
[BlackElo "1630"]
[WhiteTeam "Rheinland-Pfalz"]
[BlackTeam "Baden"]
[PlyCount "103"]
[WhiteFideId "24692026"]
[BlackFideId "4612787"]
[EventCountry "GER"]
[EventRounds "7"]
[EventType "team-swiss"]
[EventDate "2008.11.13"]

1. e4 e6 2. d4 d5 3. Nc3 Nf6 4. Bg5 dxe4 5. Nxe4 Nbd7 6. Nf3 Be7 7. Bxf6 Nxf6
8. Bd3 O-O 9. O-O b6 10. c3 Bb7 11. Qc2 h6 12. Rad1 Nd5 13. Rfe1 Nf4 14. Bf1
Bd6 15. g3 Ng6 16. Bg2 b5 17. b3 a5 18. c4 b4 19. c5 Be7 20. c6 Ba6 21. Ne5
Nxe5 22. dxe5 Qb8 23. Rd7 Re8 24. Nc5 Bxc5 25. Qxc5 Rd8 26. Red1 Re8 27. Re7
Qb6 28. Qxb6 cxb6 29. Rxe8+ Rxe8 30. c7 Rc8 31. Rd8+ Kh7 32. Be4+ g6 33. Rxc8
Bxc8 34. f4 Kg7 35. Kf2 f5 36. Bc6 Kf7 37. Ke3 Ke7 38. Kd2 g5 39. Kc2 gxf4 40.
gxf4 Kf7 41. Kb2 Ke7 42. a3 Kf7 43. axb4 axb4 44. Kc2 Kg6 45. Be8+ Kg7 46. Kd3
Kf8 47. Bb5 Ke7 48. Kc4 Bb7 49. Kxb4 Bc8 50. Bc6 Ba6 51. Ka4 h5 52. h4 1-0

[Event "DLM 2008"]
[Site "Dresden GER"]
[Date "2008.11.14"]
[Round "2"]
[White "Spiegelberg, Silvia"]
[Black "Röhlich, Anna"]
[Result "1-0"]
[Termination "normal"]
[Board "2.8"]
[WhiteElo "1535"]
[BlackElo "987"]
[WhiteTeam "Baden"]
[BlackTeam "Rheinland-Pfalz"]
[PlyCount "53"]
[WhiteFideId "24654450"]
[EventCountry "GER"]
[EventRounds "7"]
[EventType "team-swiss"]
[EventDate "2008.11.13"]

1. e4 c5 2. Nf3 Nc6 3. d4 cxd4 4. Nxd4 g6 5. Nc3 Bg7 6. Nf3 d6 7. Bc4 Nf6 8.
O-O O-O 9. Re1 a6 10. a4 Bd7 11. Ng5 Ne5 12. Bb3 Rc8 13. h3 h6 14. Nf3 b5 15.
Nxe5 dxe5 16. axb5 axb5 17. Be3 b4 18. Nd5 Nxe4 19. Bb6 Nxf2 20. Bxd8 Nxd1 21.
Nxe7+ Kh7 22. Nxc8 Bxc8 23. Raxd1 Re8 24. Bxf7 Rf8 25. Bb3 Bb7 26. Rf1 Re8 27.
Rf7 1-0

[Event "DLM 2008"]
[Site "Dresden GER"]
[Date "2008.11.14"]
[Round "2"]
[White "Geske, Julian"]
[Black "Paul, Johannes"]
[Result "1/2-1/2"]
[Termination "normal"]
[Board "3.1"]
[WhiteElo "2229"]
[BlackElo "2129"]
[WhiteTeam "Hessen 1"]
[BlackTeam "Sachsen Anhalt"]
[PlyCount "157"]
[WhiteFideId "24605263"]
[BlackFideId "24622087"]
[EventCountry "GER"]
[EventRounds "7"]
[EventType "team-swiss"]
[EventDate "2008.11.13"]

1. e4 c5 2. Nf3 Nc6 3. d4 cxd4 4. Nxd4 g6 5. Nc3 Bg7 6. Be3 Nf6 7. Bc4 O-O 8.
Bb3 d6 9. h3 Bd7 10. O-O Nxd4 11. Bxd4 Bc6 12. Re1 Nd7 13. Bxg7 Kxg7 14. Qd4+
Kg8 15. Rad1 Qb6 16. Qd2 a5 17. Nd5 Bxd5 18. exd5 Ne5 19. Re4 f5 20. Rd4 Rf7
21. c3 Qc5 22. h4 Raf8 23. Qf4 Kh8 24. Re1 Rg7 25. Bd1 Rfg8 26. Re3 b5 27. Rg3
Nc4 28. b3 Ne5 29. Bc2 b4 30. c4 h5 31. Rd2 Rf7 32. Re2 Kh7 33. Rd2 Rc8 34. Rg5
Rg8 35. Bd1 Rgg7 36. Re2 Qc8 37. Re3 Rf6 38. Be2 Ng4 39. Bxg4 fxg4 40. Qe4 Qf8
41. Rxh5+ Kg8 42. Rg5 Rxf2 43. Qxg4 Rf4 44. Rf3 Rxf3 45. Qxf3 Qxf3 46. gxf3 Kf7
47. Kg2 Rg8 48. Kf2 a4 49. h5 axb3 50. axb3 gxh5 51. Rxh5 Ra8 52. Rh7+ Kf6 53.
Rh6+ Kf7 54. Re6 Ra1 55. Re3 Rb1 56. Kg3 Rb2 57. Kf4 Rc2 58. Ke4 Rc1 59. Kd3
Rb1 60. Kd4 Rd1+ 61. Rd3 Rc1 62. f4 Rc2 63. Rh3 Kf6 64. Rh6+ Kf7 65. Rh7+ Kf6
66. Rh3 Kf7 67. Ke4 Rc1 68. Kf5 Rc3 69. Kg4 Kg7 70. Rf3 Rc1 71. Re3 Rc3 72. Kf3
Rc1 73. Ke4 Rc2 74. Kd4 Rc1 75. Re6 Kf7 76. Re3 Rc2 77. Rd3 Rb2 78. Ke4 Rc2 79.
Re3 1/2-1/2

[Event "DLM 2008"]
[Site "Dresden GER"]
[Date "2008.11.14"]
[Round "2"]
[White "Hofmann, Annett"]
[Black "Sergin, Mark"]
[Result "0-1"]
[Termination "normal"]
[Board "3.2"]
[WhiteElo "1993"]
[BlackElo "2202"]
[WhiteTeam "Sachsen Anhalt"]
[BlackTeam "Hessen 1"]
[PlyCount "78"]
[WhiteFideId "24603759"]
[BlackFideId "24615307"]
[EventCountry "GER"]
[EventRounds "7"]
[EventType "team-swiss"]
[EventDate "2008.11.13"]

1. e4 c5 2. Nf3 e6 3. d4 cxd4 4. Nxd4 Nc6 5. Be3 Nf6 6. Bd3 d5 7. exd5 Qxd5 8.
Nb5 Bb4+ 9. c3 Ba5 10. O-O a6 11. Nd4 O-O 12. Qf3 Ne5 13. Qxd5 Nxd5 14. Be2
Nxe3 15. fxe3 Bd7 16. Nd2 Rac8 17. Ne4 Nc4 18. Rf3 f5 19. Bxc4 Rxc4 20. Nd6 Rc7
21. e4 fxe4 22. Rxf8+ Kxf8 23. Kf1 e5 24. Nb3 Bb6 25. Nxe4 Bb5+ 26. Ke1 Be3 27.
Nbd2 Bd3 28. Nf2 Bb5 29. g3 Rf7 30. Ng4 Bb6 31. Kd1 e4 32. c4 Ba4+ 33. Ke2 Bc2
34. Re1 Bd4 35. b3 h5 36. Ne3 Bd3+ 37. Kd1 Rf2 38. h4 Bc3 39. Nef1 Kg8 0-1

[Event "DLM 2008"]
[Site "Dresden GER"]
[Date "2008.11.14"]
[Round "2"]
[White "Rafiee, Makan"]
[Black "Rafayevych, Vilen"]
[Result "1-0"]
[Termination "normal"]
[Board "3.3"]
[WhiteElo "2155"]
[BlackElo "1979"]
[WhiteTeam "Hessen 1"]
[BlackTeam "Sachsen Anhalt"]
[PlyCount "73"]
[WhiteFideId "24609340"]
[BlackFideId "24673897"]
[EventCountry "GER"]
[EventRounds "7"]
[EventType "team-swiss"]
[EventDate "2008.11.13"]

1. e4 c5 2. Nf3 e6 3. d4 cxd4 4. Nxd4 Nc6 5. Nc3 Qc7 6. Be3 a6 7. Bd3 Nf6 8.
O-O Be7 9. Qe2 d6 10. f4 O-O 11. a4 Nb4 12. Rae1 Nxd3 13. Qxd3 Re8 14. Nf3 b6
15. Kh1 Bb7 16. Bg1 Rac8 17. e5 Nd5 18. Bd4 Nxf4 19. Qe3 Nd5 20. Nxd5 Bxd5 21.
exd6 Bxd6 22. Bxg7 Kxg7 23. Qg5+ Kf8 24. Qh6+ Ke7 25. Qg5+ Kd7 26. Ne5+ Bxe5
27. Rxf7+ Kc6 28. Rxc7+ Bxc7 29. c4 Bxc4 30. Rc1 b5 31. axb5+ axb5 32. b3 Rb8
33. Qe3 Rbd8 34. bxc4 b4 35. Qe4+ Kc5 36. Qxh7 Bb6 37. Qb7 1-0

[Event "DLM 2008"]
[Site "Dresden GER"]
[Date "2008.11.14"]
[Round "2"]
[White "Wagner, Dennis"]
[Black "Müller, Alexander"]
[Result "1-0"]
[Termination "normal"]
[Board "3.5"]
[WhiteElo "2000"]
[BlackElo "1938"]
[WhiteTeam "Hessen 1"]
[BlackTeam "Sachsen Anhalt"]
[PlyCount "55"]
[WhiteFideId "24650684"]
[BlackFideId "4624696"]
[EventCountry "GER"]
[EventRounds "7"]
[EventType "team-swiss"]
[EventDate "2008.11.13"]

1. e4 c5 2. Nf3 e6 3. Nc3 Nc6 4. d4 cxd4 5. Nxd4 Qc7 6. Be3 a6 7. Bd3 Nf6 8.
O-O Be7 9. f4 Bc5 10. Nf5 Bxe3+ 11. Nxe3 d6 12. Kh1 b5 13. Bxb5 axb5 14. Nxb5
Qb6 15. Nc4 Qd8 16. Ncxd6+ Ke7 17. e5 Nd5 18. Qh5 g6 19. Qg5+ Kf8 20. Qh6+ Ke7
21. c4 Ne3 22. Qg7 Rf8 23. Rfd1 Nxd1 24. Rxd1 Qb6 25. Qf6+ Kd7 26. Nf5+ Nd4 27.
Qe7+ Kc6 28. Nfxd4+ 1-0

[Event "DLM 2008"]
[Site "Dresden GER"]
[Date "2008.11.14"]
[Round "2"]
[White "Nieber, Alexander"]
[Black "Tran, My Linh"]
[Result "1/2-1/2"]
[Termination "normal"]
[Board "3.6"]
[WhiteElo "1824"]
[BlackElo "1898"]
[WhiteTeam "Sachsen Anhalt"]
[BlackTeam "Hessen 1"]
[PlyCount "66"]
[WhiteFideId "24691224"]
[BlackFideId "24682462"]
[EventCountry "GER"]
[EventRounds "7"]
[EventType "team-swiss"]
[EventDate "2008.11.13"]

1. d4 c5 2. d5 Nf6 3. c4 b5 4. cxb5 a6 5. bxa6 g6 6. Nc3 Bxa6 7. Nf3 d6 8. Nd2
Nbd7 9. e4 Bxf1 10. Nxf1 Bg7 11. Ne3 Nb6 12. O-O O-O 13. f4 Ne8 14. Re1 Nc7 15.
Qe2 Qd7 16. Nc4 Nxc4 17. Qxc4 Rfb8 18. a3 Nb5 19. Nxb5 Qxb5 20. Qxb5 Rxb5 21.
e5 dxe5 22. fxe5 c4 23. Re4 Rxd5 24. Rxc4 Bxe5 25. Ra2 Rd1+ 26. Kf2 Rd3 27. b4
Ra4 28. Re2 Bd4+ 29. Kf1 e5 30. Rcc2 Ra6 31. g3 Rb3 32. Bb2 Bxb2 33. Rxb2 Raxa3
1/2-1/2

[Event "DLM 2008"]
[Site "Dresden GER"]
[Date "2008.11.14"]
[Round "2"]
[White "Breitwieser, Jasmin"]
[Black "Zimmermann, Christian"]
[Result "1-0"]
[Termination "normal"]
[Board "3.7"]
[WhiteElo "1823"]
[BlackElo "1513"]
[WhiteTeam "Hessen 1"]
[BlackTeam "Sachsen Anhalt"]
[PlyCount "61"]
[WhiteFideId "24601705"]
[BlackFideId "24692069"]
[EventCountry "GER"]
[EventRounds "7"]
[EventType "team-swiss"]
[EventDate "2008.11.13"]

1. e4 e5 2. Nf3 Nc6 3. d4 exd4 4. Nxd4 Bc5 5. Nb3 Bb6 6. Nc3 Qf6 7. Qe2 Nge7 8.
Be3 Bxe3 9. Qxe3 O-O 10. O-O-O d6 11. f4 Be6 12. h3 a5 13. g4 Qh4 14. f5 Bxb3
15. axb3 f6 16. Bc4+ Kh8 17. Rdg1 h6 18. g5 fxg5 19. Rg4 Qh5 20. Qe1 Ne5 21.
Rg2 a4 22. Be2 Qe8 23. bxa4 Qc6 24. h4 gxh4 25. Bb5 Qc5 26. Qxh4 Rf6 27. Kb1
Qe3 28. Nd1 Qd4 29. Qxf6 Qxd1+ 30. Ka2 Rg8 31. Rxh6# 1-0

[Event "DLM 2008"]
[Site "Dresden GER"]
[Date "2008.11.14"]
[Round "2"]
[White "Müller, Alexandra"]
[Black "Bluhm, Sonja Maria"]
[Result "1/2-1/2"]
[Termination "normal"]
[Board "3.8"]
[WhiteElo "1532"]
[BlackElo "1636"]
[WhiteTeam "Sachsen Anhalt"]
[BlackTeam "Hessen 1"]
[PlyCount "99"]
[WhiteFideId "24691496"]
[BlackFideId "24654027"]
[EventCountry "GER"]
[EventRounds "7"]
[EventType "team-swiss"]
[EventDate "2008.11.13"]

1. e4 e5 2. Nf3 Nc6 3. Bc4 Nf6 4. d3 Bc5 5. c3 a6 6. Bb3 Ba7 7. O-O d6 8. Nbd2
Ne7 9. Re1 Ng6 10. Nf1 O-O 11. Ng3 h6 12. d4 Re8 13. h3 c6 14. Qd3 Bd7 15. Be3
c5 16. dxc5 dxc5 17. Rad1 Qc7 18. Qd6 Qxd6 19. Rxd6 Bc6 20. Bc2 Nf4 21. Red1
N4h5 22. Nxh5 Nxh5 23. Nh4 Nf6 24. f3 c4 25. Bxa7 Rxa7 26. Rd8 Ra8 27. Rxa8
Rxa8 28. Nf5 Be8 29. Nd6 b5 30. Nxe8 Rxe8 31. Rd6 Ra8 32. Kf2 Kf8 33. Ke3 Ke7
34. Rd2 Nh5 35. h4 Nf4 36. g3 Nh5 37. Kf2 Rc8 38. a4 Nf6 39. g4 g5 40. h5 Rc6
41. Ke3 Rc5 42. Rd1 Nd7 43. axb5 axb5 44. Ra1 Rc6 45. Kd2 Kf6 46. Ra8 Rb6 47.
Rh8 Ke7 48. Rc8 Rd6+ 49. Ke2 Ra6 50. Kd2 1/2-1/2

[Event "DLM 2008"]
[Site "Dresden GER"]
[Date "2008.11.14"]
[Round "2"]
[White "Strunski, Andreas"]
[Black "Schulz, Anja"]
[Result "1/2-1/2"]
[Termination "normal"]
[Board "4.2"]
[WhiteElo "2275"]
[BlackElo "1954"]
[WhiteTeam "Württemberg 1"]
[BlackTeam "Sachsen 1"]
[PlyCount "103"]
[WhiteFideId "24606073"]
[BlackFideId "24647845"]
[EventCountry "GER"]
[EventRounds "7"]
[EventType "team-swiss"]
[EventDate "2008.11.13"]

1. d4 Nf6 2. c4 g6 3. Nc3 Bg7 4. e4 d6 5. Nge2 O-O 6. Ng3 e5 7. d5 a5 8. Be2
Na6 9. h4 h5 10. Bg5 Nc5 11. Qd2 a4 12. Rb1 Bd7 13. b4 axb3 14. axb3 Qe7 15.
Bd1 Rfb8 16. b4 Na6 17. Be2 c6 18. O-O c5 19. b5 Nb4 20. f4 Ra3 21. fxe5 Rf8
22. Qb2 Ra5 23. Rf2 Qe8 24. Qd2 Kh7 25. Rbf1 Ng8 26. Bf6 Bh6 27. Rb1 Qa8 28.
Nf1 Na2 29. Nd1 Nb4 30. Nc3 Na2 31. Nxa2 Rxa2 32. Rb2 Ra1 33. Kh2 Qa4 34. Ne3
Qa5 35. Qxa5 Rxa5 36. Nc2 Rfa8 37. Rf1 Ra2 38. Rfb1 R8a4 39. Bd3 Rxb2 40. Rxb2
Bg4 41. Rb1 Ra2 42. Ra1 Rxa1 43. Nxa1 Bd1 44. Kg3 Bf8 45. Kf2 Nh6 46. Bc2 Bg4
47. Nb3 Bc8 48. Bd1 Ng4+ 49. Bxg4 Bxg4 50. Na5 Bc8 51. b6 Bh6 52. Nc6 1/2-1/2